000 00393nam a22001337a 4500
999 _c8243
_d8244
008 190807b ||||| |||| 00| 0 eng d
082 _aBSC.ENV CAP NO.24
100 _aBidha, Wesal
245 _aHousehold water use assessment at Changzamtog and Changjiji area in Thimphu
260 _aThimphu ;
_bRoyal Thimphu College,
_c2019.
300 _a24 p.
_c30 cm.
650 _aBSC. ENV
942 _2ddc